Solo leveling top 10 rang S corée - Statistiques

Statistiques générales
  • Ce quiz a été pris 134 fois
  • Le résultat moyen est 3 sur 10
Statistiques - réponses
top personnage % Correct
1 Sung Jinwoo
96%
3 Cha Hae-in
51%
4 Go Gunhee
30%
5 Choi Jongin
26%
6 Baek Yoonho
15%
7 Lim Taegyu
12%
2 Sung Ilhwan
11%
10 Ma Dongwook
9%
8 Min Byeonggu
7%
9 Eunseok
6%
Aucun quiz correspondant
Distribution des résultats
% des personnes avec chaque résultat
Percentile par nombre de réponses
Votre historique - résultats
Vous n’avez pas pris ce quiz